| 000 | 00732nam a2200181 4500 | ||
|---|---|---|---|
| 003 | LK-CoMWRAF | ||
| 005 | 20231214100141.0 | ||
| 008 | 231214b |||||||| |||| 00| 0 eng d | ||
| 020 | _a9789558698198 | ||
| 040 |
_aLK-CoMWRAF _dLK-CoMWRAF _eLK-CoMWRAF |
||
| 041 | _asin | ||
| 082 |
_a361 _bPAS |
||
| 245 | _aපශ්චාත් යුද ශ්රී ලංකාව තුළ හිංසනය වටහා ගැනීම | ||
| 246 | _aPashchath yudha Sri Lankawa thula hinsanaya wataha ganeema | ||
| 260 |
_aකොළඹ : _bමානව හිමිකම් අධ්යයනය සඳහා මධ්යස්ථානය, |
||
| 650 | _aමානව හිමිකම් අධ්යයනය | ||
| 942 | _cBK | ||
| 999 |
_c4442 _d4442 |
||